Chinolony Farmakológie a klinická farmakologie

Na minha lista:
Detalhes bibliográficos
Autor principal: Příborský, Jan, 1956-
Formato: Livro
Idioma:tcheco
Publicado em: Praha Maxdorf/Jessenius 2000
Assuntos:
Acesso em linha:View in OPAC
Tags: Adicionar Tag
Sem tags, seja o primeiro a adicionar uma tag!

MARC

LEADER 00000nam a2200000 a 4500
005 20260127134050.0
008 060221 2000 xr 000 0 cze d
020 |a 8085912163 
035 |a vtls008624555 
039 9 |a 200612191142  |b masnk01  |y 200602210941  |z mschk03 
040 |a STUSCHK1  |b slo  |c STUSCHK1  |e AACR2 
080 |a 615.28.03 
100 1 |a Příborský, Jan,  |d 1956-  |9 724 
245 1 |a Chinolony  |b Farmakológie a klinická farmakologie 
260 |a Praha  |b Maxdorf/Jessenius  |c 2000 
300 |a 112 s. 
650 0 |a chinolony  |x farmakologie  |y klinická farmakologie 
910 |a SCHK95 
919 |a 80-85912-16-3 
999 |c 3283  |d 3283